<?xml version="1.0" encoding="UTF-8"?>
<record
    xmlns:xsi="http://www.w3.org/2001/XMLSchema-instance"
    xsi:schemaLocation="http://www.loc.gov/MARC21/slim http://www.loc.gov/standards/marcxml/schema/MARC21slim.xsd"
    xmlns="http://www.loc.gov/MARC21/slim">

  <leader>00951nam a22002657a 4500</leader>
  <controlfield tag="003">OSt</controlfield>
  <controlfield tag="005">20250108014803.0</controlfield>
  <controlfield tag="008">250108b        |||||||| |||| 00| | eng d</controlfield>
  <datafield tag="020" ind1=" " ind2=" ">
    <subfield code="a">978-971-23-6233-0</subfield>
  </datafield>
  <datafield tag="040" ind1=" " ind2=" ">
    <subfield code="c">JMCFI - Learning Resource Center</subfield>
  </datafield>
  <datafield tag="082" ind1=" " ind2=" ">
    <subfield code="a">Fil./B.Acctg. 330 Ec19 2012</subfield>
  </datafield>
  <datafield tag="100" ind1=" " ind2=" ">
    <subfield code="a">Gabay, Bon Kristoffer G</subfield>
    <subfield code="9">4998</subfield>
  </datafield>
  <datafield tag="245" ind1=" " ind2=" ">
    <subfield code="a">Economics concepts and principles :</subfield>
    <subfield code="b">with agrarian reform and taxation /</subfield>
    <subfield code="c">Bon Kristoffer G. Gabay, [and 3 others].</subfield>
  </datafield>
  <datafield tag="250" ind1=" " ind2=" ">
    <subfield code="a">Second edition.</subfield>
  </datafield>
  <datafield tag="260" ind1=" " ind2=" ">
    <subfield code="a">Manila :</subfield>
    <subfield code="b">Rex Book Store, Inc.,</subfield>
    <subfield code="c">2012.</subfield>
  </datafield>
  <datafield tag="300" ind1=" " ind2=" ">
    <subfield code="a">xvi, 236 pages :</subfield>
    <subfield code="b">black and white, illus. ;</subfield>
    <subfield code="c">25 cm</subfield>
  </datafield>
  <datafield tag="500" ind1=" " ind2=" ">
    <subfield code="a">Includes indexes and glossary.</subfield>
  </datafield>
  <datafield tag="650" ind1=" " ind2=" ">
    <subfield code="a">Economics.</subfield>
    <subfield code="9">1699</subfield>
  </datafield>
  <datafield tag="650" ind1=" " ind2=" ">
    <subfield code="a">Land reform</subfield>
    <subfield code="x">Taxation.</subfield>
    <subfield code="9">4999</subfield>
  </datafield>
  <datafield tag="650" ind1=" " ind2=" ">
    <subfield code="a">Consumer behavior.</subfield>
    <subfield code="9">1759</subfield>
  </datafield>
  <datafield tag="700" ind1=" " ind2=" ">
    <subfield code="a">Remotin, Roberto Jr. M</subfield>
    <subfield code="9">5000</subfield>
  </datafield>
  <datafield tag="700" ind1=" " ind2=" ">
    <subfield code="a">Uy, Edgar Allan M</subfield>
    <subfield code="9">5001</subfield>
  </datafield>
  <datafield tag="700" ind1=" " ind2=" ">
    <subfield code="a">Pzarro-Uy, Anna Corinna D</subfield>
    <subfield code="9">5002</subfield>
  </datafield>
  <datafield tag="942" ind1=" " ind2=" ">
    <subfield code="2">ddc</subfield>
    <subfield code="c">BK</subfield>
    <subfield code="e">Second edition</subfield>
    <subfield code="n">0</subfield>
  </datafield>
  <datafield tag="999" ind1=" " ind2=" ">
    <subfield code="c">2425</subfield>
    <subfield code="d">2425</subfield>
  </datafield>
  <datafield tag="952" ind1=" " ind2=" ">
    <subfield code="0">0</subfield>
    <subfield code="1">0</subfield>
    <subfield code="2">ddc</subfield>
    <subfield code="4">0</subfield>
    <subfield code="7">0</subfield>
    <subfield code="a">JMC</subfield>
    <subfield code="b">JMC</subfield>
    <subfield code="c">Fil./B.Acctg.</subfield>
    <subfield code="d">2013-11-19</subfield>
    <subfield code="l">0</subfield>
    <subfield code="o">Fil./B.Acctg. 330 Ec19 2012 c1</subfield>
    <subfield code="p">00004492</subfield>
    <subfield code="r">2025-01-08</subfield>
    <subfield code="t">1</subfield>
    <subfield code="w">2025-01-08</subfield>
    <subfield code="y">BK</subfield>
  </datafield>
  <datafield tag="952" ind1=" " ind2=" ">
    <subfield code="0">0</subfield>
    <subfield code="1">0</subfield>
    <subfield code="2">ddc</subfield>
    <subfield code="4">0</subfield>
    <subfield code="7">0</subfield>
    <subfield code="a">JMC</subfield>
    <subfield code="b">JMC</subfield>
    <subfield code="c">Fil./B.Acctg.</subfield>
    <subfield code="d">2013-11-19</subfield>
    <subfield code="l">0</subfield>
    <subfield code="o">Fil./B.Acctg. 330 Ec19 2012 c2</subfield>
    <subfield code="p">00004493</subfield>
    <subfield code="r">2025-01-08</subfield>
    <subfield code="t">2</subfield>
    <subfield code="w">2025-01-08</subfield>
    <subfield code="y">BK</subfield>
  </datafield>
  <datafield tag="952" ind1=" " ind2=" ">
    <subfield code="0">0</subfield>
    <subfield code="1">0</subfield>
    <subfield code="2">ddc</subfield>
    <subfield code="4">0</subfield>
    <subfield code="7">0</subfield>
    <subfield code="a">JMC</subfield>
    <subfield code="b">JMC</subfield>
    <subfield code="c">Fil./B.Acctg.</subfield>
    <subfield code="d">2013-11-19</subfield>
    <subfield code="l">0</subfield>
    <subfield code="o">Fil./B.Acctg. 330 Ec19 2012 c3</subfield>
    <subfield code="p">00004494</subfield>
    <subfield code="r">2025-01-08</subfield>
    <subfield code="t">3</subfield>
    <subfield code="w">2025-01-08</subfield>
    <subfield code="y">BK</subfield>
  </datafield>
  <datafield tag="952" ind1=" " ind2=" ">
    <subfield code="0">0</subfield>
    <subfield code="1">0</subfield>
    <subfield code="2">ddc</subfield>
    <subfield code="4">0</subfield>
    <subfield code="7">0</subfield>
    <subfield code="a">JMC</subfield>
    <subfield code="b">JMC</subfield>
    <subfield code="c">Fil./B.Acctg.</subfield>
    <subfield code="d">2013-11-19</subfield>
    <subfield code="l">0</subfield>
    <subfield code="o">Fil./B.Acctg. 330 Ec19 2012 c4</subfield>
    <subfield code="p">00004495</subfield>
    <subfield code="r">2025-01-08</subfield>
    <subfield code="t">4</subfield>
    <subfield code="w">2025-01-08</subfield>
    <subfield code="y">BK</subfield>
  </datafield>
  <datafield tag="952" ind1=" " ind2=" ">
    <subfield code="0">0</subfield>
    <subfield code="1">0</subfield>
    <subfield code="2">ddc</subfield>
    <subfield code="4">0</subfield>
    <subfield code="7">0</subfield>
    <subfield code="a">JMC</subfield>
    <subfield code="b">JMC</subfield>
    <subfield code="c">Fil./B.Acctg.</subfield>
    <subfield code="d">2013-11-19</subfield>
    <subfield code="l">0</subfield>
    <subfield code="o">Fil./B.Acctg. 330 Ec19 2012 c5</subfield>
    <subfield code="p">00004496</subfield>
    <subfield code="r">2025-01-08</subfield>
    <subfield code="t">5</subfield>
    <subfield code="w">2025-01-08</subfield>
    <subfield code="y">BK</subfield>
  </datafield>
</record>
